Central Library OPAC University of Rajshahi

Accounting in business decisions: (Record no. 55772)

MARC details
000 -LEADER
fixed length control field 00750nam a2200241 a 4500
001 - CONTROL NUMBER
control field 55772
003 - CONTROL NUMBER IDENTIFIER
rucl marc code BD-RjUL
005 - DATE AND TIME OF LATEST TRANSACTION
control field 20211209080318.0
008 - FIXED-LENGTH DATA ELEMENTS--GENERAL INFORMATION
fixed length control field 161121s1967 njua b 000 0 eng
035 ## - SYSTEM CONTROL NUMBER
System control number (BD-RjUL)55896
040 ## - CATALOGING SOURCE
Original cataloging agency DLC
Transcribing agency DLC
Modifying agency DLC
Language of cataloging eng
041 ## - LANGUAGE CODE
Language code of text/sound track or separate title eng
082 00 - DEWEY DECIMAL CLASSIFICATION NUMBER
Classification number 657
Edition number 23
Author mark and year BLA 1967
100 1# - MAIN ENTRY--PERSONAL NAME
Personal name Black, Homer A.,
Dates associated with a name 1923-
9 (RLIN) 166082
245 10 - TITLE STATEMENT
Title Accounting in business decisions:
Remainder of title theory, method, and use /
Statement of responsibility, etc. [by] Homer A. Black [and] John E. Champion.
250 ## - EDITION STATEMENT
Edition statement 2nd ed.
260 ## - PUBLICATION, DISTRIBUTION, ETC. (IMPRINT)
Place of publication, distribution, etc. Englewood Cliffs, N.J.,
Name of publisher, distributor, etc. Prentice-Hall,
Date of publication, distribution, etc. c1967
300 ## - PHYSICAL DESCRIPTION
Pagination 964 p. :
Illustrations ill. ;
Size 24 cm.
504 ## - BIBLIOGRAPHY, ETC. NOTE
Bibliography, etc Includes bibliography.
650 #0 - SUBJECT ADDED ENTRY--TOPICAL TERM
Topical term or geographic name as entry element Accounting.
9 (RLIN) 166083
700 1# - ADDED ENTRY--PERSONAL NAME
Personal name Champion, John E.,
Relator term joint author.
942 ## - ADDED ENTRY ELEMENTS (KOHA)
Source of classification or shelving scheme Dewey Decimal Classification
Koha item type Books
Holdings
Lost status Source of classification or shelving scheme Damaged status Not for loan Collection code Permanent Location Current Location Shelving location Date acquired Source of acquisition Cost, normal purchase price Total Checkouts Full call number Date last seen Copy number Koha item type
  Dewey Decimal Classification     Non-fiction Central Library, University of Rajshahi Central Library, University of Rajshahi   02/10/1970 Zeitlinger 102.00   657 BLA 1967 21/11/2016 C-2 Books
  Dewey Decimal Classification     Non-fiction Central Library, University of Rajshahi Central Library, University of Rajshahi   02/10/1970 Zeitlinger 102.00   657 BLA 1967 07/06/2017 C-3 Books
  Dewey Decimal Classification     Non-fiction Central Library, University of Rajshahi Central Library, University of Rajshahi   02/10/1970 Zeitlinger 102.00   657 BLA 1967 07/06/2017 C-4 Books
  Dewey Decimal Classification     Non-fiction Central Library, University of Rajshahi Central Library, University of Rajshahi   02/10/1970 Zeitlinger 102.00   657 BLA 1967 07/06/2017 C-5 Books
  Dewey Decimal Classification     Non-fiction Central Library, University of Rajshahi Central Library, University of Rajshahi   02/10/1970 Zeitlinger 102.00   657 BLA 1967 07/06/2017 C-6 Books
  Dewey Decimal Classification     Non-fiction Central Library, University of Rajshahi Central Library, University of Rajshahi   02/10/1970 Zeitlinger 102.00   657 BLA 1962 07/06/2017 C-7 Books
  Dewey Decimal Classification     Non-fiction Central Library, University of Rajshahi Central Library, University of Rajshahi   02/10/1970 Zeitlinger 102.00   657 BLA 1964 07/06/2017 C-8 Books
  Dewey Decimal Classification   Not For Loan Non-fiction Central Library, University of Rajshahi Central Library, University of Rajshahi Reading Room 01/01/1972 Zeetlinger     657 BLA 1967 08/06/2017 C-1 Books
  Dewey Decimal Classification     Non-fiction Central Library, University of Rajshahi Central Library, University of Rajshahi   01/01/1972 Zeitlinger 230.00   657 BLA 1967 14/03/2019 C-9 Books